Normal view
MARC view
- الاطفال المعوقون -تعليم- المعوقون-رعاية-السلوك-الجوانب النفسية
Entry Topical Term
001 - CONTROL NUMBER
- control field: 26063
003 - CONTROL NUMBER IDENTIFIER
- control field: JO-AjAnu
005 - DATE AND TIME OF LATEST TRANSACTION
- control field: 20230606074438.0
008 - FIXED-LENGTH DATA ELEMENTS
- fixed length control field: 230606|| aca||aabn | a|a d
040 ## - CATALOGING SOURCE
- Original cataloging agency: JO-AjAnu
- Transcribing agency: JO-AjAnu
150 ## - HEADING--TOPICAL TERM
- Topical term or geographic name entry element: الاطفال المعوقون -تعليم- المعوقون-رعاية-السلوك-الجوانب النفسية
670 ## - SOURCE DATA FOUND
- Source citation: Work cat.: (JO-AjAnu)13396: عامر ، طارق/ م مشارك ربيع محمد , author 26062, تدريب الاطفال ذوي الاضطربات السلوكية